000 00854 a2200217 4500
020 _a0521830168
040 _aDLC
_bDLC
082 0 0 _a530.141
100 1 _aGuru, Bhag S.
245 1 0 _aElectromagnetic field theory fundamentals
_cBhag Singh Guru and Huseyin R. Hiziroglu.
250 _a2nd ed.
260 _aCambridge, UK ;
_aNew York :
_bCambridge University Press,
_c2004.
300 _axv, 681 p. :
_bill. ;
_c26 cm.
500 _aIncludes index.
650 0 _aElectromagnetic fields.
700 1 _aHuseyin Hiziroglu
856 4 2 _3Publisher description
_uhttp://www.loc.gov/catdir/description/cam041/2004040753.html
856 4 2 _3Table of contents
_uhttp://www.loc.gov/catdir/toc/cam041/2004040753.html
856 4 2 _3Contributor biographical information
_uhttp://www.loc.gov/catdir/enhancements/fy0732/2004040753-b.html
942 _cBK
_k621.3 GUR
_2ddc
999 _c4548
_d4548